Animals of East Africa : (Record no. 425)

MARC details
000 -LEADER
fixed length control field 00755cam a2200229 4500
005 - DATE AND TIME OF LATEST TRANSACTION
control field 20260322212019.0
008 - FIXED-LENGTH DATA ELEMENTS--GENERAL INFORMATION
fixed length control field data
010 ## - LIBRARY OF CONGRESS CONTROL NUMBER
LC control number 78075223
040 ## - CATALOGING SOURCE
Original cataloging agency DLC
Transcribing agency DLC
Modifying agency DLC
050 00 - LIBRARY OF CONGRESS CALL NUMBER
Classification number QL731
Item number .L4
082 00 - DEWEY DECIMAL CLASSIFICATION NUMBER
Classification number 599/.09/676
092 ## - LOCALLY ASSIGNED DEWEY CALL NUMBER (OCLC)
Classification number 599.09 L4 1969
001 - CONTROL NUMBER
control field data
100 1# - MAIN ENTRY--PERSONAL NAME
Personal name Leakey, L. S. B.
Dates associated with a name 1903-1972.
Fuller form of name (Louis Seymour Bazett),
245 10 - TITLE STATEMENT
Title Animals of East Africa :
Remainder of title the wild realm /
Statement of responsibility, etc. L. S. B. Leakey & National Geographic Society (U.S.).
260 ## - PUBLICATION, DISTRIBUTION, ETC.
Place of publication, distribution, etc. Washington,
Name of publisher, distributor, etc. National Geographic Society
Date of publication, distribution, etc. [1969]
300 ## - PHYSICAL DESCRIPTION
Extent 199 p.
Other physical details col. illus., col. map, col. ports.
Dimensions 27 cm.
500 ## - GENERAL NOTE
General note Related National Geographic articles: p. 197.
650 #0 - SUBJECT ADDED ENTRY--TOPICAL TERM
Topical term or geographic name entry element Mammals
Geographic subdivision Africa, East.
710 2# - ADDED ENTRY--CORPORATE NAME
Corporate name or jurisdiction name as entry element National Geographic Society (U.S.)
740 0# - ADDED ENTRY--UNCONTROLLED RELATED/ANALYTICAL TITLE
Uncontrolled related/analytical title Wild realm.
Holdings
Withdrawn status Lost status Damaged status Not for loan Home library Current library Shelving location Date acquired Total checkouts Full call number Barcode Date last seen Price effective from Koha item type
        Fairview Fairview General stacks 22/03/2026   599/.09/676 BC0010436 22/03/2026 22/03/2026 Books